STUDY ON GENERATION OF CONTOURLINES USING LIDAR TECHNOLOGY BASED ON DRONE DJI M300 RTK AND L1 ZENMUSE PAYLOAD សិក្សាអំពីការបង្កើតទិន្នន័យខ្សែរយះកម្ពស់ដីដោយប្រើប្រាស់បច្ចេកវិទ្យាដ្រូន LIDAR M300 RTK L1 ZENMUSE PAYLOAD (Record no. 23185)

000 -LEADER
fixed length control field 00711nam a22001217a 4500
040 ## - CATALOGING SOURCE
Transcribing agency RUA
100 ## - MAIN ENTRY--AUTHOR NAME
Personal name LY CHANVEASNA លី ចាន់វាសនា
245 ## - TITLE STATEMENT
Title STUDY ON GENERATION OF CONTOURLINES USING LIDAR TECHNOLOGY BASED ON DRONE DJI M300 RTK AND L1 ZENMUSE PAYLOAD សិក្សាអំពីការបង្កើតទិន្នន័យខ្សែរយះកម្ពស់ដីដោយប្រើប្រាស់បច្ចេកវិទ្យាដ្រូន LIDAR M300 RTK L1 ZENMUSE PAYLOAD
260 ## - PUBLICATION, DISTRIBUTION, ETC. (IMPRINT)
Place of publication PHNOM PENH
Name of publisher RUA
Year of publication 2023
300 ## - PHYSICAL DESCRIPTION
Number of Pages XI. 63P
Other physical details VIII.
Dimensions 29CM
856 ## - ELECTRONIC LOCATION AND ACCESS
Uniform Resource Identifier https://drive.google.com/file/d/1w6WwQRZqu3wJkVHIYzPp3kzE-ILUKjNP/view?usp=sharing
942 ## - ADDED ENTRY ELEMENTS (KOHA)
Koha item type LMA
952 ## - LOCATION AND ITEM INFORMATION (KOHA)
Withdrawn status [LOCAL, KOHA] 0
952 ## - LOCATION AND ITEM INFORMATION (KOHA)
Withdrawn status [LOCAL, KOHA] 0
952 ## - LOCATION AND ITEM INFORMATION (KOHA)
Withdrawn status [LOCAL, KOHA] 0
952 ## - LOCATION AND ITEM INFORMATION (KOHA)
Withdrawn status [LOCAL, KOHA] 0
Holdings
Permanent Location Date acquired Koha item type Lost status Shelving location Barcode Current Location Full call number
Library Block B2024-06-20LMA B1.498a076618Library Block BLMA LY 2023 B1-498 Or.
Library Block B2024-06-20LMA B1.498a076406Library Block BLMA LY 2023 B1-498 Or.
Library Block B2024-06-20LMA B1.498a076530Library Block BLMA LY 2023 B1-498 Or.
Library Block B2024-06-20LMA B1.498a076638Library Block BLMA LY 2023 B1-498 Or.
មជ្ឈមណ្ឌលឯការនៃសាកលវិទ្យាល័យភូមិន្ទកសិកម្មចំការដូង

Powered by Koha